[Event "Mittelfranken-chTB2b 1920"]
[Site "Mittelfranken"]
[Date "2020.03.22"]
[Round "8.3"]
[White "Gueldner, Udo"]
[Black "Petrashov, Alexander"]
[Result "0-1"]
[WhiteElo "1812"]
[BlackElo "2069"]
[PlyCount "126"]
[EventDate "2019.10.13"]
[EventType "team-tourn"]
[EventRounds "9"]
[EventCountry "GER"]
[SourceTitle "EXT 2023"]
[Source "ChessBase"]
[SourceDate "2022.10.05"]
[SourceVersion "1"]
[SourceVersionDate "2022.10.05"]
[SourceQuality "1"]
[WhiteTeam "Forchheim II"]
[BlackTeam "Nuernberg NT IV"]
[WhiteTeamCountry "GER"]
[BlackTeamCountry "GER"]

1. d4 e6 2. e4 d5 3. exd5 exd5 4. Nf3 Bd6 5. Bd3 Nc6 6. c3 Bg4 7. 0-0 Qd7 8. Re1+ Nge7 9. Bg5 f6 10. Bh4 0-0-0 11. Bg3 h5 12. Bxd6 Qxd6 13. Nbd2 h4 14. b4 Bf5 15. Qc2 Bxd3 16. Qxd3 g5 17. b5 Na5 18. Nb3 Nc4 19. Qe2 Nf5 20. Qe6+ Qxe6 21. Rxe6 Rhf8 22. Nfd2 Na3 23. Nc5 b6 24. Na6 Nxb5 25. a4 Rd6 26. Rxd6 Nbxd6 27. a5 Kb7 28. axb6 axb6 29. Nb4 Ne7 30. Re1 Rf7 31. Re6 Nb5 32. Nb1 Na7 33. Kf1 Nac6 34. Nxc6 Nxc6 35. Nd2 Nd8 36. Re8 Kc8 37. g3 Kd7 38. Rh8 hxg3 39. hxg3 c5 40. dxc5 bxc5 41. Nb3 Ne6 42. Ra8 Kd6 43. Ra6+ Ke5 44. f4+ gxf4 45. gxf4+ Kf5 46. Rc6 c4 47. Nc5 Nxf4 48. Na6 Ke4 49. Nb4 Ke3 50. Rd6 Kd2 51. Nxd5 Nxd5 52. Rxd5+ Kxc3 53. Ke2 Kc2 54. Rd2+ Kb3 55. Rd6 Kc3 56. Kd1 f5 57. Rd2 f4 58. Rf2 f3 59. Ke1 Kb3 60. Kd1 c3 61. Kc1 Ra7 62. Kb1 c2+ 63. Rxc2 Ra1+ 0-1

[Event "Landesliga Nord 1920"]
[Site "Bayern"]
[Date "2020.01.19"]
[Round "5.8"]
[White "Dittmann, Rainer"]
[Black "Petrashov, Alexander"]
[Result "0-1"]
[WhiteElo "1891"]
[BlackElo "2031"]
[PlyCount "110"]
[EventDate "2019.09.29"]
[EventType "team-tourn"]
[EventRounds "9"]
[EventCountry "GER"]
[SourceTitle "EXT 2021"]
[Source "ChessBase"]
[SourceDate "2020.10.23"]
[SourceVersion "1"]
[SourceVersionDate "2020.10.23"]
[SourceQuality "1"]
[WhiteTeam "Schweinfurt"]
[BlackTeam "Nuernberg NT II"]
[WhiteTeamCountry "GER"]
[BlackTeamCountry "GER"]

1. d4 e6 2. Bf4 d5 3. e3 Nd7 4. Bd3 c6 5. Nf3 Ngf6 6. Nbd2 Be7 7. c3 a5 8. a4 Nh5 9. Bg3 Nxg3 10. hxg3 b6 11. Qe2 Qc7 12. e4 dxe4 13. Qxe4 h6 14. Nc4 Bb7 15. Nce5 Nf6 16. Qf4 Ba6 17. Be4 Nxe4 18. Qxe4 Rc8 19. g4 Rf8 20. Rh5 Bf6 21. g5 hxg5 22. Nxg5 Bxe5 23. Qxe5 Qxe5+ 24. dxe5 Bd3 25. Rh4 Ke7 26. Nf3 c5 27. b4 Rh8 28. Rxh8 Rxh8 29. Kd2 Rd8 30. bxc5 bxc5 31. Ke3 Bg6 32. Ne1 Rd5 33. f4 Kd7 34. Ra2 Kc6 35. g4 Rd1 36. Ke2 Rc1 37. Kd2 Rb1 38. Ng2 Kd5 39. Ke2 Kc4 40. Ra3 Rb3 41. Ne3+ Kxc3 42. Nd1+ Kb4 43. Ra1 c4 44. Ne3 c3 45. f5 Rb2+ 46. Kd1 exf5 47. gxf5 Bh5+ 48. Kc1 Rh2 49. Rb1+ Kc5 50. Rb5+ Kd4 51. Nc2+ Kd3 52. Ne1+ Kc4 53. Rxa5 Rh1 54. Kc2 Rxe1 55. Ra7 Bd1+ 0-1

[Event "Zirndorf Cup"]
[Site "Zirndorf"]
[Date "2017.08.31"]
[Round "2"]
[White "Seyb, Alexander"]
[Black "Petrashov, Alexander"]
[Result "1-0"]
[WhiteElo "2420"]
[BlackElo "2014"]
[PlyCount "65"]
[EventDate "2017.08.30"]
[EventType "swiss"]
[EventRounds "7"]
[EventCountry "GER"]
[SourceTitle "CBM 180 Extra"]
[Source "ChessBase"]
[SourceDate "2017.10.06"]
[SourceVersion "1"]
[SourceVersionDate "2017.10.06"]
[SourceQuality "1"]

1. e4 e6 2. d4 d5 3. Nc3 Nf6 4. e5 Nfd7 5. f4 c5 6. Nf3 Nc6 7. Be3 Qb6 8. Na4 Qa5+ 9. c3 c4 10. b4 Qc7 11. g3 a5 12. b5 Na7 13. Rb1 b6 14. Bg2 Be7 15. 0-0 Nf8 16. f5 h6 17. f6 gxf6 18. exf6 Bd6 19. Ne5 Rb8 20. Bf4 Rb7 21. Qh5 Bxe5 22. Bxe5 Qd8 23. Nb2 Nxb5 24. Nxc4 dxc4 25. Rxb5 Ra7 26. Rfb1 Ra6 27. d5 Bd7 28. dxe6 Nxe6 29. Rd5 Qc8 30. Rbd1 Bc6 31. Rd6 Bxg2 32. Rd7 Rf8 33. Re7# 1-0

[Event "Mittelfranken-chT2b 1617"]
[Site "Mittelfranken"]
[Date "2017.05.14"]
[Round "9.1"]
[White "Luther, Helmut"]
[Black "Petrashov, Alexander"]
[Result "0-1"]
[WhiteElo "1979"]
[BlackElo "2013"]
[PlyCount "126"]
[EventDate "2016.10.23"]
[EventType "team-tourn"]
[EventRounds "9"]
[EventCountry "GER"]
[SourceTitle "EXT 2022"]
[Source "ChessBase"]
[SourceDate "2021.10.06"]
[SourceVersion "1"]
[SourceVersionDate "2021.10.06"]
[SourceQuality "1"]
[WhiteTeam "Nuernberg Sued SW III"]
[BlackTeam "Nuernberg Noris Tarrasch IV"]
[WhiteTeamCountry "GER"]
[BlackTeamCountry "GER"]

1. d4 e6 2. c4 Nf6 3. Nf3 d5 4. Nc3 c6 5. cxd5 exd5 6. Bg5 Nbd7 7. e3 Bb4 8. Bd3 h6 9. Bh4 g5 10. Bg3 Ne4 11. Bxe4 dxe4 12. Nd2 f5 13. a3 Be7 14. Qh5+ Kf8 15. Nc4 Nf6 16. Qe2 Nd5 17. Ne5 Kg7 18. Qh5 Qe8 19. Qxe8 Rxe8 20. Nxd5 cxd5 21. Rc1 Be6 22. Kd2 Rac8 23. f4 Rxc1 24. Rxc1 Rc8 25. Bf2 Rxc1 26. Kxc1 Bf7 27. Nxf7 Kxf7 28. g3 gxf4 29. gxf4 Kg6 30. Kd1 a5 31. Be1 Kh5 32. h3 Bd8 33. Ke2 a4 34. Kf1 Kg6 35. Ke2 Kf7 36. Kd1 Ke6 37. Ke2 Kd6 38. Bf2 Kc6 39. Bg3 Kb5 40. Be1 Kc4 41. Bf2 b5 42. Bg3 b4 43. axb4 Kxb4 44. Bf2 Kc4 45. Be1 Be7 46. Bg3 Bf6 47. Bf2 Bg7 48. Bg1 Bh8 49. Bf2 Bf6 50. Kd2 Kb3 51. Kc1 Be7 52. Be1 Bb4 53. Bh4 Bc3 54. bxc3 a3 55. Kb1 Kxc3 56. Be7 Kd3 57. Bxa3 Kxe3 58. Bc1+ Kxd4 59. Kc2 e3 60. Ba3 Ke4 61. Bc5 d4 62. Bb6 d3+ 63. Kd1 Kxf4 0-1

[Event "Mittelfranken-ch QT 66th"]
[Site "Uttenreuth"]
[Date "2017.04.15"]
[Round "7"]
[White "Petrashov, Alexander"]
[Black "Friedrich, Michael Christian"]
[Result "1-0"]
[WhiteElo "1899"]
[BlackElo "1541"]
[PlyCount "41"]
[EventDate "2017.04.12"]
[EventType "swiss"]
[EventRounds "7"]
[EventCountry "GER"]
[SourceTitle "EXT 2020"]
[Source "ChessBase"]
[SourceDate "2019.10.17"]
[SourceVersion "1"]
[SourceVersionDate "2019.10.17"]
[SourceQuality "1"]

1. d4 d5 2. c4 e6 3. Nc3 c5 4. cxd5 cxd4 5. Qxd4 Nc6 6. Qd1 exd5 7. Qxd5 Be6 8. Qb5 Qd7 9. Bf4 a6 10. Qa4 b5 11. Nxb5 Rc8 12. Nc3 Qb7 13. Rb1 Bb4 14. Bd2 Bd7 15. e3 Na5 16. Qc2 Bc6 17. Nf3 Ne7 18. Be2 0-0 19. 0-0 Rfd8 20. Rfd1 Be4 21. Qxe4 1-0

[Event "Mittelfranken-ch QT 66th"]
[Site "Uttenreuth"]
[Date "2017.04.12"]
[Round "2"]
[White "Petrashov, Alexander"]
[Black "Balhar, Michael"]
[Result "1-0"]
[WhiteElo "1899"]
[BlackElo "1791"]
[PlyCount "63"]
[EventDate "2017.04.12"]
[EventType "swiss"]
[EventRounds "7"]
[EventCountry "GER"]
[SourceTitle "EXT 2020"]
[Source "ChessBase"]
[SourceDate "2019.10.17"]
[SourceVersion "1"]
[SourceVersionDate "2019.10.17"]
[SourceQuality "1"]

1. d4 Nf6 2. c4 c5 3. e3 cxd4 4. exd4 d5 5. c5 g6 6. Nf3 Nc6 7. Nc3 Bg7 8. Bb5 0-0 9. 0-0 Qc7 10. Bg5 e6 11. Re1 Bd7 12. Qd2 Na5 13. Bf4 Qd8 14. Bd6 Re8 15. Bxd7 Qxd7 16. Ne5 Qd8 17. Nb5 Ne4 18. Rxe4 dxe4 19. Bc7 Nc4 20. Nxc4 Qd5 21. Rc1 Qc6 22. Qa5 a6 23. Nbd6 Re7 24. Bd8 Rd7 25. Bg5 Bxd4 26. Be3 Bxe3 27. fxe3 Rc7 28. Ne5 Qxd6 29. cxd6 Rxc1+ 30. Kf2 Rd1 31. Qc7 Rf8 32. Nd7 1-0

[Event "Landesliga U20 Nord 1617"]
[Site "Bayern"]
[Date "2017.01.21"]
[Round "4.1"]
[White "Bruell, Elias"]
[Black "Petrashov, Alexander"]
[Result "0-1"]
[WhiteElo "1724"]
[BlackElo "2013"]
[PlyCount "54"]
[EventDate "2016.11.12"]
[EventType "team-tourn"]
[EventRounds "7"]
[EventCountry "GER"]
[SourceTitle "EXT 2022"]
[Source "ChessBase"]
[SourceDate "2021.10.06"]
[SourceVersion "1"]
[SourceVersionDate "2021.10.06"]
[SourceQuality "1"]
[WhiteTeam "Regensburg Bavaria II"]
[BlackTeam "Nuernberg NT U20"]
[WhiteTeamCountry "GER"]
[BlackTeamCountry "GER"]

1. e4 e6 2. d3 d5 3. Nd2 Nf6 4. Ngf3 c5 5. g3 Nc6 6. Bg2 Bd6 7. 0-0 Qc7 8. Re1 0-0 9. Nf1 h6 10. Nh4 b6 11. f4 dxe4 12. dxe4 Be7 13. Bd2 Rd8 14. c3 Ba6 15. e5 Nd5 16. Nf3 Bd3 17. Ne3 Rd7 18. Bf1 Be4 19. Nc4 Bg6 20. Qe2 Rad8 21. Qg2 a6 22. Ne3 b5 23. Be2 c4 24. Rad1 Qb6 25. Bf1 Bc5 26. Qf2 Nxe3 27. Rxe3 Rxd2 0-1

[Event "Landesliga U20 Nord 1617"]
[Site "Bayern"]
[Date "2016.12.10"]
[Round "3.1"]
[White "Lutter, Maximilian"]
[Black "Petrashov, Alexander"]
[Result "1-0"]
[WhiteElo "1908"]
[BlackElo "2013"]
[PlyCount "47"]
[EventDate "2016.11.12"]
[EventType "team-tourn"]
[EventRounds "7"]
[EventCountry "GER"]
[SourceTitle "EXT 2022"]
[Source "ChessBase"]
[SourceDate "2021.10.06"]
[SourceVersion "1"]
[SourceVersionDate "2021.10.06"]
[SourceQuality "1"]
[WhiteTeam "Neumarkt U20"]
[BlackTeam "Nuernberg NT U20"]
[WhiteTeamCountry "GER"]
[BlackTeamCountry "GER"]

1. e4 e6 2. d4 d5 3. Bd3 Nf6 4. e5 Nfd7 5. Ne2 c5 6. c3 Nc6 7. Nd2 Be7 8. 0-0 Qb6 9. Nf3 g5 10. Bxg5 Bxg5 11. Nxg5 cxd4 12. cxd4 Nxd4 13. Nxd4 Qxd4 14. Nxe6 Qb6 15. Ng5 Qh6 16. f4 Nb6 17. Bb5+ Kf8 18. Qd4 Rg8 19. Qc5+ Kg7 20. Qe7 Be6 21. f5 Nc8 22. Nxe6+ Kh8 23. Qxf7 Nb6 24. Qf6+ 1-0